000 00458nam a2200109Ia 4500
008 230320s9999||||xx |||||||||||||| ||spa||
082 _aTMI/2007/31
100 _aSeco Del Pozo, Carlos Javier
245 0 _aDiseño Curricular De Aula Educación Religiosa Socio-Cognitivo Humanista, Según Modelo T: En El Marco De Un Nuevo Paradigma Socio-Cognitivo Humanista, Según El Modelo T, 1º De Secundaria, Alumnos De 12 Años
260 _bLima 2007
942 _80
_cLIB
999 _c47445
_d47445